Регионална библиотека "Любен Каравелов" - Русе

Пречистване на променливи отпадъчни води (Запис номер 59812)

MARC детайли
000 -Лидер
Контролно поле с фиксирана дължина nam a22 a 4500
003 - Код на организацията, давaща контролен номер
Контролно поле BLK
005 - Дата и час на последна редакция
Контролно поле 20221109092251.0
008 - Елементи от данни с фиксирана дължина
fixed length control field 180408b bul|||||r ||||||| ||bul||
010 ## - Наследен системен номер
LC control number KNG00063939000
040 ## - Източник на каталожния запис
Идентификатор на билиотеката - собственик на записа BLK
041 ## - Код за език
Код за езика на текст/звукозапис или на отделно заглавие Български
Код за езика КДБФ Български
080 ## - УДК
Текстов определител УДК Отпадъчни води. Пречистване и използване на отпадъчните води
УДК код - определител по УДК 628.3
УДК определител (035)
УДК - код + определител 628.3(035)
100 1# - Редна дума - Автор
Автор Богоев, Стефан Н.
Авторска отговорност първи автор
R(LIN) 289295
139 ## - Редно поле
Редна дума Богоев, Стефан Н. и др.
Авторски знак Бого - Б 55
245 10 - Сведения за заглавието
Заглавие Пречистване на променливи отпадъчни води
Подзаглавни данни Ръководство
Редно поле (дума) Стефан Н. Богоев, Илия И. Папазов, Ели В. Кабакчиева.
257 ## - Страна на издаване
Страна на създаване/издаване България
260 ## - Област на издателските данни
Място на издаване, разпространение и проч. София
Име на издателя, разпространителя и проч. Техника
Година на издаване 1978
300 ## - Физическа характеристика
Страници 580 с.
Размери/Мащаб 22 см
380 ## - Жанр
Жанр Техника
490 ## - СЕРИИ (Колекции)
Име на серия Поредица Опазване на околната среда
9 (RLIN) 205111
500 ## - Общи забележки
Забележка Авт. не са отбелязани на кор. - Библиогр. с. 561-573.
650 #4 - Допълнително описание по предмет – тема
Основно описание – тема или топоним Отпадъчни води, промишлени - пречистване
9 (RLIN) 258013
653 ## - Ключова дума – ненормативна
Ключова дума отпадни води
653 ## - Ключова дума – ненормативна
Ключова дума промишленост
653 ## - Ключова дума – ненормативна
Ключова дума пречистване на води
700 1# - Други автори (авторска отговорност)
Лично име Папазов, Илия И.
Автороска отговорност (Описва отношението между автора и произведението) съавт.
9 (RLIN) 289296
700 1# - Други автори (авторска отговорност)
Лично име Кабакчиева, Ели К.
Автороска отговорност (Описва отношението между автора и произведението) съавт.
9 (RLIN) 289297
852 ## - Местоположение
Форматна сигнатура Цб 91683
856 4# - Електронен адрес и достъп
Електронен формат pdf - файл
Инструкция (цена за достъп) 0.00
Права за достъп disable
856 4# - Електронен адрес и достъп
Електронен формат pdf - файл
Инструкция (цена за достъп) 0.00
Права за достъп disable
999 ## - СИСТЕМНИ КОНТРОЛНИ НОМЕРА
Koha biblionumber 59812
Koha biblioitemnumber 59812
942 ## - АРТИКУЛИ
Вид на библиотечния материал Книги
Скрит в OPAC Не
Периодичен библиозапис Да
944 ## - СЪЗДАВАНЕ И РЕДАКЦИЯ на ЗАПИСА
Създаване/Редакция Създаване
Дата на регистрацията/редакция 13.06.2004
Служител, извършил регистрацията/редакцията Читалня
944 ## - СЪЗДАВАНЕ И РЕДАКЦИЯ на ЗАПИСА
Създаване/Редакция Редакция
Дата на регистрацията/редакция 2022-11-09
Служител, извършил регистрацията/редакцията ир
999 ## - СИСТЕМНИ КОНТРОЛНИ НОМЕРА
Koha biblioitemnumber 59812
Наличности
Код за отписване Код за изгубен артикул Източник на класификационната схема Код за повреда Коз за рестрикции Код за отдаване Артикулен № Име на библиотеката - собственик Име на библиотеката, в която се намира в момента Статус (Текущо местоположение) Дата на вписване в системата Местоположение - отдел Цена в лева Инвентарен номер Систематично азбучна сигнатура Баркод Номер на екземпляра Цена в евро Служебна бележка Служебен тип на артикула Бележка за публиката
  Не е изгубен Universal Decimal Classification Не е повреден без рестрикции ползва се в читалня 97777 Регионална библиотека "Любен Каравелов" Русе Регионална библиотека "Любен Каравелов" Русе Читалня 1993-01-01 Читалня 3.06 257158 Ч 628.3/Б 55 120000257158 1 1.56 Дост: Pk Вид: Ф N: стар фонд Дата: 01.01.1978 Дата инв: 24.03.2017 Бележки инв: Ч2017 Книги  
  Не е изгубен Universal Decimal Classification Не е повреден само за читалня ползва се в читалня 97778 Регионална библиотека "Любен Каравелов" Русе Регионална библиотека "Любен Каравелов" Русе Хранилище 1978-01-01 Хранилище 3.06 256654 Цб 91683 120000256654 2 1.56 Дост: Dp Вид: Д N: стар фонд Дата: 01.01.1978 Книги  
Изтеглен Не е изгубен   Не е повреден без рестрикции заемане за дома 97779 Регионална библиотека "Любен Каравелов" Русе Регионална библиотека "Любен Каравелов" Русе   1978-01-01 Заемна - подръчен фонд 3.06 257157 П 628/Б 55 257157 3 1.56 Дост: Pk Вид: Ф N: стар фонд Дата: 01.01.1978 Книги Отч.N: 26/2018 , Дата: 26.03.2018
Vip Innovations Ltd, Rousse, Bulgaria 2025